| 000 | 00692nam a22002177a 4500 | ||
|---|---|---|---|
| 999 |
_c16907 _d16907 |
||
| 008 | 180704b xxu||||| |||| 00| 0 eng d | ||
| 020 | _a0071270304 | ||
| 040 |
_aKABU _cKABU |
||
| 050 |
_aHQ767.9 _b.P37 2008 c. 1 |
||
| 100 | _aPapalia, Diane E. | ||
| 245 |
_aA Child's world _binfancy through adolescence _cDiane E. Papalia, Sally Wendkos Olds, Ruth Duskin Feldman |
||
| 250 | _a11th ed. | ||
| 260 |
_aNew York _bMcGraw-Hill _c2008 c. 1 |
||
| 300 | _a2 vol. (various pagings) | ||
| 650 | _aChild development | ||
| 650 | _aChild psychology | ||
| 650 | _aAdolescence | ||
| 700 | _aOlds, Sally Wendkos | ||
| 700 | _aFeldman, Ruth Duskin | ||
| 942 |
_2lcc _cBK _e11th ed. _hHQ767.9 |
||